[Event "GCT Paris Rapid 2021"]
[Site "Paris"]
[Date "2021.06.18"]
[Round "2.5"]
[White "Firouzja, Alireza"]
[Black "Svidler, Peter"]
[Result "1/2-1/2"]
[WhiteElo "2759"]
[BlackElo "2714"]
[Annotator "TA"]
[PlyCount "114"]
[EventDate "2021.06.18"]
[EventType "tourn"]
[EventCountry "FRA"]
[SourceTitle "playchess.com"]
[Source "ChessBase"]
[SourceQuality "1"]

{[%evp 15,114,-2,0,0,9,-30,-31,-25,-30,-25,68,61,62,62,62,68,67,63,70,67,62,57,
74,73,64,54,107,104,97,83,78,72,157,103,168,101,111,102,104,102,102,102,115,
109,112,112,86,87,82,82,80,27,27,27,27,27,31,39,34,44,74,8,37,27,51,0,0,0,66,
66,66,66,66,66,66,66,66,66,66,66,66,66,66,66,66,66,66,66,66,66,66,66,66,66,66,
66,66,66,66,66,66]} 1. Nf3 d5 2. d4 Nf6 3. Bf4 e6 4. e3 c5 5. Nbd2 Nc6 6. c3
Bd6 7. Bg3 O-O 8. Bd3 b6 9. e4 {Strongly threatening e5. D02: 1 d4 d5 2 Nf3
sidelines, including 2...Nf6 3 g3 and 2...Nf6 3 Bf4.} Be7 10. e5 Nh5 11. Ng5 {
Black is slightly better.} Bxg5 ({But not} 11... Nxg3 $2 12. Bxh7+ Kh8 13.
Nxf7+ $1 {[%mdl 512]} Rxf7 14. hxg3 $18) 12. Qxh5 {[%csl Gd3][%cal Rh5h7] [#]}
h6 $146 (12... g6 $11 13. Qh3 cxd4) ({Predecessor:} 12... g6 13. Qe2 cxd4 14.
h4 Bh6 15. h5 dxc3 16. bxc3 Qe7 17. hxg6 Bxd2+ 18. Qxd2 fxg6 {0-1 (43) Riff,V 
(2548)-Abasov,N (2794) Chess.com INT 2019}) 13. Nf3 $1 $14 cxd4 14. h4 Be7 15.
Bf4 f5 16. Bxh6 $40 {[%mdl 128] White is up to no good.} Qe8 ({Inferior is} 
16... gxh6 17. Qg6+ Kh8 18. Qxh6+ Kg8 19. Qg6+ Kh8 20. Ng5 Bxg5 21. hxg5#) 17.
Qxe8 Rxe8 {[#]} 18. Bb5 $1 Bd7 19. Bxc6 Bxc6 20. Nxd4 {[%mdl 64] Double Attack}
Bd7 (20... gxh6 $14 21. Nxc6 Bc5) 21. Bg5 Bc5 22. Rd1 b5 23. h5 Kf7 {[#]} (
23... b4 $142) 24. Ke2 (24. Nxf5 $142 $1 {[%mdl 512]} b4 (24... Rac8 25. Nd6+)
25. h6 $1 bxc3 26. bxc3 (26. Nxg7 Reb8 $16)) 24... Rh8 {[#]} (24... Rac8 $16 {
keeps fighting.}) 25. Be3 (25. Nxf5 $1 $18 {[%mdl 512]} Rac8 26. Nd6+ Bxd6 27.
exd6) 25... Be7 26. f3 g5 27. hxg6+ Kxg6 28. Rdg1 Rxh1 29. Rxh1 {Threatens to
win with Rh6+.} Bf8 30. g4 fxg4 31. fxg4 a5 32. Kf2 Bg7 33. Rh5 (33. Nf3 $16)
33... b4 $11 34. Nb3 bxc3 35. bxc3 Rf8+ 36. Kg3 Rh8 37. Rg5+ Kf7 38. Nc5 (38.
Nxa5 $16 Ra8 39. Nb7) 38... Bc8 39. Bd4 Bf8 40. Nd3 (40. Rh5 $14 Kg8 41. Kf3)
40... Ba6 41. Nf4 {Nxe6! is the strong threat.} Bh6 ({Better is} 41... Bc4 $11)
42. Rh5 $14 {aiming for g5.White is slightly better.} Bxf4+ 43. Kxf4 Rxh5 44.
gxh5 {[%mdl 4096] Endgame KB-KB} a4 45. a3 Be2 46. Kg5 Bd1 47. Bb6 Be2 48. Bd8
Bd1 49. Bf6 Be2 50. h6 {White wants to mate with h7.} Bd3 51. Kf4 Kg6 52. Ke3
Bc2 53. Bg7 Bb3 54. Kd4 Bc2 55. Kc5 Kh7 56. Kd6 Bf5 57. Ke7 Bg4 {Blacks
defense is rewarded with a draw.  Weighted Error Value: White=0.09/Black=0.11}
1/2-1/2

[Event "GCT Paris Rapid 2021"]
[Site "Paris"]
[Date "2021.06.18"]
[Round "3.1"]
[White "Svidler, Peter"]
[Black "So, Wesley"]
[Result "1/2-1/2"]
[WhiteElo "2714"]
[BlackElo "2770"]
[Annotator "TA"]
[PlyCount "92"]
[EventDate "2021.06.18"]
[EventType "tourn"]
[EventCountry "FRA"]
[SourceTitle "playchess.com"]
[Source "ChessBase"]
[SourceQuality "1"]

{[%evp 14,92,20,11,14,7,10,11,8,4,13,17,23,8,20,9,19,19,19,22,43,19,25,6,12,11,
8,0,0,0,0,-13,15,0,0,0,0,0,0,0,10,4,12,0,0,0,10,0,10,10,10,-21,-14,-7,-7,-7,-7,
-43,-24,-60,-57,-74,-60,-74,-60,-74,-74,-74,-74,-74,-74,-74,-74,-74,-74,-74,0,
-74,0,-74,0]} 1. e4 e5 2. Nf3 Nc6 3. Bc4 Bc5 4. c3 Nf6 5. d3 d6 6. O-O h6 7.
Re1 O-O 8. h3 Bb6 {Recently 8...a5 got a lot of attention. C54: Giuoco Piano:
4 c3 Nf6, main lines with 5 d4 and 5 d3.} 9. Nbd2 Ne7 10. a4 {[#] aiming for
a5.} c6 {The position is equal.} 11. d4 Ng6 12. Bf1 Re8 13. Qc2 {[#]} Bc7 $146
({Predecessor:} 13... a5 14. Nc4 Bc7 15. dxe5 dxe5 16. Be3 Qe7 17. Rad1 Be6 18.
Nfd2 Nh5 19. Nb3 Nhf4 {0-1 (62) Kiremitciyan,A (2491)-Kavutskiy,K (2508) Chess.
com INT 2019}) 14. dxe5 Nxe5 15. Nxe5 dxe5 16. Nc4 a5 17. Be3 Be6 18. b4 Bxc4
19. Bxc4 Bb6 20. Rad1 Qc7 21. Bc1 Red8 22. g3 Qe7 23. bxa5 Rxd1 24. Rxd1 Rxa5
25. Kg2 Ra8 26. Bb3 Bc5 27. Qd3 Bb6 28. Qf3 Rd8 29. Rxd8+ Qxd8 30. g4 Qd7 {[#]}
31. Bxh6 $1 Nxg4 $1 32. Qxg4 Qxg4+ 33. hxg4 {And now Bd2 would win.} gxh6 $11 {
[%mdl 4096] Endgame KB-KB} 34. Kf3 Ba5 35. c4 (35. g5 $5) 35... Kf8 36. Ke2 Ke7
37. Kd3 Bb6 38. f3 Kd6 39. Bd1 Kc5 40. Bc2 Kb4 41. Bd1 Ka3 42. Bc2 Kb2 43. Bd1
Kc1 44. Bb3 Kb2 45. Bd1 Kc1 46. Bb3 Kb2 {Weighted Error Value: White=0.07/
Black=0.08} (46... Bc5 $17) 1/2-1/2

[Event "GCT Paris Rapid 2021"]
[Site "Paris"]
[Date "2021.06.18"]
[Round "3.2"]
[White "Radjabov, Teimour"]
[Black "Firouzja, Alireza"]
[Result "1-0"]
[WhiteElo "2765"]
[BlackElo "2759"]
[Annotator "TA"]
[PlyCount "95"]
[EventDate "2021.06.18"]
[EventType "tourn"]
[EventCountry "FRA"]
[SourceTitle "playchess.com"]
[Source "ChessBase"]
[SourceQuality "1"]

{[%evp 24,95,0,0,34,38,66,0,0,6,4,0,0,0,0,0,12,0,0,0,3,0,0,0,0,-20,14,0,0,0,0,
0,0,-9,-12,0,0,-102,114,108,160,167,111,119,920,913,906,63,905,905,891,891,879,
764,754,621,625,590,1470,815,867,862,867,821,767,751,883,867,1166,1150,1237,
875,1024,867]} 1. d4 Nf6 2. c4 e6 3. Nf3 d5 4. Nc3 c6 5. Bg5 h6 6. Bxf6 Qxf6 7.
e3 Nd7 8. Rc1 g6 9. Bd3 Qe7 10. O-O Bg7 11. Qc2 O-O 12. Rfd1 dxc4 13. Bxc4 {[#]
} c5 $146 {D43: Semi-Slav: 5 Bg5 h6.} ({Predecessor:} 13... b6 14. Qe2 a6 15.
e4 Bb7 16. a3 b5 17. Ba2 c5 18. d5 c4 19. d6 Qf6 20. Qe3 Rfd8 21. h3 {0-1 (40)
Le,T (2932)-Moskalenko,A (2846) Chess.com INT 2019}) 14. d5 {aiming for dxe6.}
Nb6 {[#]} 15. b3 (15. d6 $1 $14 Qd8 (15... Qf6 16. Bb5) 16. Na4) 15... Nxc4 $11
{The position is equal.} 16. bxc4 b6 17. e4 exd5 18. Nxd5 Qb7 19. h3 Be6 20.
Rd2 Rfe8 21. Rcd1 Rad8 22. Qa4 Bd7 23. Qc2 Bc6 24. Nh2 Kh8 25. Ng4 h5 26. Nh2
Rd7 27. Nf3 Qa6 28. Rb1 Qa4 29. Rb3 Bb7 30. e5 (30. Qd3 $11 {keeps the balance.
}) 30... Ba6 $2 ({Don't go for} 30... Bxe5 $2 31. Nxe5 Rxd5 32. Nxg6+ fxg6 33.
Qxg6 $18 (33. cxd5 Re1+ 34. Kh2 Qf4+ 35. g3 Qf7 $18)) (30... Bxd5 $17 {stays
on course.} 31. Rxd5 Rxd5 32. cxd5 Bxe5 33. Nxe5 Rxe5) 31. Nf6 $1 $16 Rxd2 ({
Black should play} 31... Bxf6 32. exf6 Red8) 32. Qxd2 Rf8 {[#]} (32... Bxc4 $18
33. Nxe8 Qxe8) 33. Rd3 $1 {[%cal Rd3d8] Rd8 is the strong threat.} Bxc4 $2 {
[%mdl 8192] [#]} ({But not} 33... Qxc4 $2 34. Rd8 $18) (33... Qa5 $16) 34. Rd8
$1 $18 {Strongly threatening Qd6.} Qc6 35. Rxf8+ Bxf8 36. Qd8 {[%cal Rd8f8]
White is clearly winning.} Kg7 37. Nd7 Bd6 38. Qf6+ {[%mdl 64] Double Attack,
Pin} Kg8 39. Qxd6 Qxd6 40. exd6 Bxa2 {[#]} 41. Nxb6 $1 {[%mdl 512]} Kf8 (41...
Be6 42. d7) 42. Nd7+ Ke8 43. Nxc5 a5 44. Nd4 Bd5 45. f3 g5 46. Kf2 Kd8 47. Ke3
h4 48. Kd3 {Weighted Error Value: White=0.22/Black=0.27} 1-0

[Event "GCT Paris Rapid 2021"]
[Site "Paris"]
[Date "2021.06.18"]
[Round "3.3"]
[White "Caruana, Fabiano"]
[Black "Vachier-Lagrave, Maxime"]
[Result "1/2-1/2"]
[WhiteElo "2820"]
[BlackElo "2760"]
[Annotator "TA"]
[PlyCount "100"]
[EventDate "2021.06.18"]
[EventType "tourn"]
[EventCountry "FRA"]
[SourceTitle "playchess.com"]
[Source "ChessBase"]
[SourceQuality "1"]

{[%evp 14,100,0,0,0,9,44,0,0,0,1,-36,141,89,81,39,29,37,41,33,48,32,58,58,72,
80,68,38,36,34,60,16,54,47,59,47,55,31,41,0,0,0,0,0,0,0,0,0,0,0,0,-8,-8,-38,
-14,-17,-25,-96,0,0,0,0,0,0,0,0,0,-63,0,-14,0,0,0,0,0,0,0,0,0,0,0,-10,0,0,0,
-10,0,0,0]} 1. d4 Nf6 2. Nf3 g6 3. Nc3 d5 4. Bf4 Bg7 5. e3 O-O 6. Be2 Bg4 7.
Ne5 Bxe2 8. Qxe2 c5 {D00: 1 d4 d5: Unusual lines.} 9. O-O-O Nc6 10. h4 cxd4 11.
exd4 Rc8 12. h5 {[#]} Nb4 $146 (12... gxh5 $6 13. Rd3 $16) (12... Nxh5 $15 {
stays ahead.} 13. Nxc6 Rxc6) ({Predecessor:} 12... Ne4 13. Nxe4 dxe4 14. hxg6
fxg6 15. Qc4+ Kh8 16. Nxg6# {1-0 (16) Stumpf,H (2285)-Bruns,M (2103) Bad
Woerishofen 2000}) 13. hxg6 (13. a3 $142 {Black must now prevent h6.} Nc6 14.
g4) 13... fxg6 14. Nd3 Nxd3+ 15. Rxd3 Qd7 16. Be5 Ng4 17. Bg3 Nh6 18. Kb1 Rc6
19. Qd2 Nf7 20. Bf4 (20. Be5 $5) 20... Nd6 21. Bxd6 ({Don't go for} 21. Nxd5 $2
Nc4 $19) 21... Rxd6 22. f3 Qf5 23. g3 e6 24. a3 Rc6 25. Ne2 Rfc8 26. c3 b5 27.
g4 Qf7 28. f4 a5 29. Rdh3 h6 30. Qd3 b4 $1 31. axb4 (31. Rxh6 {seems wilder.}
bxa3 32. Qxg6 Qxg6+ 33. Rxg6 Rb8 34. Ka1) 31... axb4 32. Rxh6 bxc3 33. Nxc3
Bxh6 34. Rxh6 Kg7 ({Not} 34... Qxf4 35. Qxg6+ Kf8 36. Rh8+ Ke7 37. Rh7+ Kf8 38.
Qg7+ Ke8 39. Qe7#) 35. Qh3 Qxf4 (35... Qf6 $17 36. Rh7+ Kg8) 36. Rh7+ $11 Kf8 {
[#] Threatens to win with ...Rxc3!} 37. Rh8+ Ke7 38. Rh7+ Kd8 {...Rxc3! is the
strong threat.} 39. Rg7 {Threatening mate with Qh8+.} Qf8 40. Rxg6 (40. Rh7 $11
Qf6 41. Nb5) 40... Kc7 (40... Qf7 $1 $15 41. Rh6 Qf2 42. Rh8+ Kc7 43. Nxd5+ Kd6
44. Qa3+ Kxd5 45. Qa5+ Ke4 46. Qe5+ Kd3 47. Rh3+ Kc4 48. Rc3+ Kb4 49. Rb3+ Kc4
50. Rc3+ Kb4 51. Rb3+ Kc4 52. Rc3+) 41. g5 {The position is equal.} Kb7 {
[#] And now ...Qb4 would win.} 42. Rxe6 Rxe6 43. Qxe6 {[%mdl 4096] Endgame
KQR-KQN} Qf1+ 44. Kc2 Qf2+ 45. Kb3 Qxd4 {aiming for ...Qc4+.} 46. Qd7+ (46.
Nxd5 $2 {leads to mate.} Qc4+ 47. Ka3 Ra8+ 48. Qa6+ Rxa6#) 46... Kb8 47. Qb5+
Ka7 48. Qd7+ Kb8 49. Qb5+ Ka7 50. Qd7+ Kb8 {Weighted Error Value: White=0.12/
Black=0.16} 1/2-1/2

[Event "GCT Paris Rapid 2021"]
[Site "Paris"]
[Date "2021.06.18"]
[Round "3.4"]
[White "Rapport, Richard"]
[Black "Nepomniachtchi, Ian"]
[Result "1/2-1/2"]
[WhiteElo "2763"]
[BlackElo "2792"]
[Annotator "TA"]
[PlyCount "107"]
[EventDate "2021.06.18"]
[EventType "tourn"]
[EventCountry "FRA"]
[SourceTitle "playchess.com"]
[Source "ChessBase"]
[SourceQuality "1"]

{[%evp 29,107,8,6,6,25,8,16,16,16,16,16,16,16,16,33,33,33,33,33,33,34,33,63,57,
81,25,119,81,113,111,122,93,85,85,85,89,91,92,92,27,27,27,28,28,28,28,29,29,29,
30,33,29,29,31,31,32,51,29,55,55,177,145,157,4,4,4,4,4,4,0,0,0,0,0,0,0,0,0,5,0]
} 1. Nf3 Nf6 2. g3 g6 3. b3 b6 4. Bg2 Bb7 5. Bb2 Bg7 6. O-O c5 7. c4 O-O 8. Nc3
d5 9. Nxd5 Nxd5 10. Bxg7 Kxg7 11. cxd5 Qxd5 12. d4 cxd4 13. Qxd4+ Qxd4 14. Nxd4
Bxg2 15. Kxg2 Rc8 16. Rac1 {A30: Symmetrical English: Double Fianchetto and
Hedgehog.} Na6 17. f4 Rc5 18. Rxc5 Nxc5 $11 {[%mdl 4096] Endgame KRN-KRN} 19.
b4 {[#]} Ne6 $146 ({Predecessor:} 19... Ne4 20. Rc1 Rd8 21. e3 Rd7 22. Kf3 Nd2+
23. Ke2 Ne4 24. g4 h6 25. Rc2 e6 {1/2-1/2 (78) Peng,X (2410)-Gao,R (2546)
Shenzhen 2017}) 20. Nxe6+ fxe6 {KR-KR} 21. Rc1 a5 22. b5 Rd8 23. Rc6 Rd2 24.
Kf3 Kf7 25. a4 Rd4 26. Rxb6 Rxa4 27. Ra6 Ra2 (27... Ra1 $1 $11 {remains equal.}
) 28. Ke3 $16 Ra4 29. Kd3 h6 30. h4 h5 31. e3 Kf6 32. e4 Kf7 33. e5 Kg7 34.
Rxe6 (34. Ra8 $16) 34... Kf7 $1 $11 {[%cal Rf7e6]} 35. Ra6 Kg7 $1 36. Kc3 Kf7
37. Ra8 {And now Ra6 would win.} Kg7 38. Ra7 Kf7 39. Kd3 Ke6 $1 40. Ke3 {
Hoping for Kd3.} Kf7 $1 41. Ra6 {Black must now prevent Kd3.} Kg7 $1 42. Kf3 {
aiming for Ke3.} Kf7 $1 43. Ra8 {Threatens to win with Ke3.} Kg7 44. Ra7 Kf7 (
44... Kf8 $14 45. Ke3 Kf7) 45. Ra6 Kg7 46. b6 $2 (46. Ke3 $16) 46... Rb4 {
The position is equal.} 47. Rxa5 {[#] Strongly threatening Ra7.} Rxb6 48. Ra3
Rb1 49. Kg2 Rb2+ 50. Kh3 Rf2 51. Ra6 Kf7 52. Ra3 Kg7 53. Ra6 Kf7 54. Ra3 {
Weighted Error Value: White=0.13/Black=0.08} 1/2-1/2

[Event "GCT Paris Rapid 2021"]
[Site "Paris"]
[Date "2021.06.18"]
[Round "3.5"]
[White "Bacrot, Etienne"]
[Black "Aronian, Levon"]
[Result "0-1"]
[WhiteElo "2678"]
[BlackElo "2781"]
[Annotator "TA"]
[PlyCount "76"]
[EventDate "2021.06.18"]
[EventType "tourn"]
[EventCountry "FRA"]
[SourceTitle "playchess.com"]
[Source "ChessBase"]
[SourceQuality "1"]

{[%evp 9,76,5,10,6,17,-25,4,-59,-63,-70,-4,-34,-43,-48,-60,-43,-32,-50,-64,-60,
-54,-103,-89,-97,-85,-97,-31,0,102,0,0,-192,-188,-192,-191,-194,-183,-191,-125,
-177,-102,-138,-128,-212,-218,-262,-262,-247,-219,-232,-175,-171,-172,-347,
-386,-427,-418,-427,-506,-506,-506,-490,-462,-718,-687,-870,-786,-651,-611]} 1.
d4 Nf6 2. c4 e6 3. Nf3 d5 4. e3 Be7 5. b3 O-O 6. Bd3 {D30: Queen's Gambit
Declined: Systems without Nc3.} c5 7. cxd5 Nxd5 8. Bb2 {[#]} (8. O-O $11) 8...
cxd4 $146 ({Predecessor:} 8... Nc6 9. O-O Bf6 10. Bb5 Bd7 11. Na3 cxd4 12. Nxd4
Nxd4 13. Bxd4 Bxb5 14. Nxb5 a6 15. Bxf6 Qxf6 {0-1 (33) Muradli,M (2449)
-Kalashian,D (2398) Chess.com INT 2021}) 9. Nxd4 e5 (9... Nb4 $15 10. Be4 f5)
10. Nc2 (10. Qh5 {with more complications.} Bb4+ 11. Ke2 Nf4+ 12. exf4 g6 13.
Qg5) 10... Nc6 11. Nc3 Nxc3 12. Bxc3 {[#]} Bg4 $1 13. f3 (13. Bxh7+ $2 Kxh7 14.
Qxg4 Qd3 $19) (13. Qd2 Qb6) 13... Bh4+ 14. Ke2 Be6 15. Nb4 Nxb4 16. Bxb4 Qg5 {
[%cal Rg5g2]} 17. g3 {[#]} Rfd8 18. e4 {aiming for Rf1.} a5 19. Bc5 (19. Bd2
$16 Qh5 20. gxh4) 19... f5 $11 {White must now prevent ...fxe4.} 20. gxh4 $2 (
20. Qc2 $11 {and White is okay.} Rac8 21. exf5 (21. gxh4 $2 Qg2+ 22. Ke1 Qxh1+
23. Bf1 Qxf3 $19)) 20... Qg2+ $19 21. Bf2 fxe4 22. Bxe4 {And now Qg1 would win.
} Rxd1 23. Raxd1 {[#] Rdg1 is the strong threat.} Qh3 ({Better is} 23... Bd7 $1
$19 {[%mdl 512] Hoping for ...Bb5+.} 24. Bxb7 (24. Bd5+ Kh8) 24... Bb5+ 25. Ke3
Rb8) 24. Rhg1 $17 Bf7 (24... a4 $19 25. Bg3 axb3 26. axb3 Bxb3) 25. Rg4 Bg6 {
Strongly threatening ...Bxe4.} ({Of course not} 25... Qxh2 $6 26. Rdg1 $11) 26.
Bxg6 (26. Bxb7 $17 {is a better defense.} Rb8 27. Bd5+ Kh8 28. h5 Qxh5 29. Rh4)
26... hxg6 $19 27. Rdg1 {next R1g3 is good for White.} e4 ({And not} 27... Qxh2
28. Rxg6 Kh8 29. Rxg7 $11) 28. Rxe4 Rf8 (28... Qxh2 29. Rxg6 Kf8 30. Rg5 $17)
29. Rg3 Qc8 30. Kf1 Qc2 31. Reg4 $2 (31. Re2 Qd3 32. Be3) 31... Rf6 ({Less
strong is} 31... Qxa2 32. Rxg6 Rf7 33. Bd4 $19) 32. h5 Qxa2 33. Rxg6 Rxg6 {
Black is clearly winning.} 34. Rxg6 {and the idea Rb6 leaves White hopeful.}
Qxb3 {KQ-KRB} 35. Kg2 a4 {[%cal Ba5a4,Ba4a3][%mdl 32]} 36. h6 (36. Bd4 $142 Qf7
37. Rg5) 36... Kh7 37. Rxg7+ Kxh6 38. Rd7 a3 {Weighted Error Value: White=0.52/
Black=0.20} 0-1

[Event "GCT Paris Rapid 2021"]
[Site "Paris"]
[Date "2021.06.19"]
[Round "4.1"]
[White "So, Wesley"]
[Black "Nepomniachtchi, Ian"]
[Result "1/2-1/2"]
[WhiteElo "2770"]
[BlackElo "2792"]
[Annotator "TA"]
[PlyCount "92"]
[EventDate "2021.06.18"]
[EventType "tourn"]
[EventCountry "FRA"]
[SourceTitle "playchess.com"]
[Source "ChessBase"]
[SourceQuality "1"]

{[%evp 12,92,25,23,20,29,23,12,11,2,0,4,10,0,16,14,23,20,15,10,10,7,18,14,9,11,
17,13,11,0,0,0,0,0,0,0,0,0,0,0,38,39,31,10,35,0,56,57,62,17,248,0,0,0,0,0,0,0,
0,0,0,0,0,0,0,0,0,-2,0,0,0,0,0,0,0,-2,-2,-2,0,0,0,0,0]} 1. d4 Nf6 2. c4 e6 3.
Nf3 d5 4. Nc3 Bb4 5. cxd5 exd5 6. Bg5 h6 7. Bh4 O-O {D38: Queen's Gambit
Declined: Ragozin Defence (4 Nf3 Bb4).} 8. e3 Bf5 9. Ne5 {9.Be2 gains
popularity.} c5 10. Bd3 cxd4 11. exd4 Bxd3 12. Qxd3 Qd6 13. Bxf6 {[#] Strongly
threatening Bh4.} Qxf6 14. O-O Bxc3 15. Qxc3 {[#]} Rd8 $146 ({Predecessor:} 
15... Re8 16. Rac1 Nc6 17. Nxc6 Qxc6 18. Qxc6 bxc6 19. Rxc6 Re2 20. Ra6 Rxb2
21. g3 Re8 22. Rxa7 {1/2-1/2 (36) Topalov,V (2740)-Carlsen,M (2845) Shamkir
2019}) 16. Rac1 Nc6 17. Nxc6 bxc6 18. Rfe1 Re8 19. b4 Rad8 20. Qc5 Re4 21. Rxe4
dxe4 $11 {[%mdl 4096] Endgame KQR-KQR} 22. Rd1 Qe6 23. Qxa7 e3 24. fxe3 Qxe3+
25. Kh1 Re8 {( -> ...Qe1+!)} (25... Qe2 {seems wilder.} 26. Ra1 Qb2 27. Rf1 f6
28. a3 Qc3) 26. h3 Qf2 27. a4 g5 28. Qa6 (28. Qc7 {is more complex.} Kg7 29. a5
g4 30. Qh2 Re1+ 31. Rxe1 Qxe1+ 32. Qg1) 28... g4 ({Black should play} 28...
Re1+ $11 29. Rxe1 Qxe1+ {[%mdl 64] Double Attack} 30. Kh2 Qxb4) 29. Qf1 $1 $14
{[%cal Rf1f2]} (29. Qxc6 $2 {leads to mate.} Re1+ 30. Rxe1 Qxe1+ 31. Kh2 g3#)
29... Qg3 30. a5 {With the idea hxg4.} Re3 $2 {[#]} (30... gxh3 $11 {and Black
is okay.} 31. Qf3 (31. gxh3 Kf8 $14) 31... Re1+ 32. Rxe1 Qxe1+ 33. Kh2 Qxb4)
31. a6 $2 (31. hxg4 $1 $18 {Black must now prevent a6.} Qxg4 32. a6) 31... gxh3
$11 {The position is equal.} 32. gxh3 Qxh3+ 33. Qxh3 Rxh3+ {KR-KR} 34. Kg2 Ra3
35. d5 Rxa6 36. d6 {Threatens to win with d7.} Ra8 37. Rc1 {And now b5 would
win.} Kf8 38. Rxc6 Ke8 39. Kf3 (39. d7+ {with more complications.} Kxd7 40.
Rxh6 Ra2+ 41. Kf3 Rb2 42. Rb6) 39... Kd7 40. Rc7+ Kxd6 41. Rxf7 Rb8 42. Rf6+
Kd5 43. Rxh6 Rxb4 44. Rh5+ Kc4 45. Rh4+ Kb3 46. Rxb4+ Kxb4 {Weighted Error
Value: White=0.12/Black=0.17} 1/2-1/2

[Event "GCT Paris Rapid 2021"]
[Site "Paris"]
[Date "2021.06.19"]
[Round "4.2"]
[White "Aronian, Levon"]
[Black "Rapport, Richard"]
[Result "1/2-1/2"]
[WhiteElo "2781"]
[BlackElo "2763"]
[Annotator "TA"]
[PlyCount "86"]
[EventDate "2021.06.18"]
[EventType "tourn"]
[EventCountry "FRA"]
[SourceTitle "playchess.com"]
[Source "ChessBase"]
[SourceQuality "1"]

{[%evp 9,86,9,16,14,18,0,16,16,18,18,6,-7,0,0,0,0,0,-5,-19,-25,-26,-36,9,0,6,0,
10,14,10,3,7,0,0,0,0,0,0,0,0,0,0,0,0,0,0,0,0,0,0,0,18,0,0,0,0,0,0,0,0,0,0,0,0,
0,0,0,0,0,0,0,0,0,0,0,0,0,0,0,0]} 1. d4 Nf6 2. Nf3 b6 3. Bf4 Nh5 {[#]} 4. Bd2
$146 ({Predecessor:} 4. Bg3 Nxg3 5. hxg3 Bb7 6. e3 g6 7. c4 Bg7 8. Nc3 d6 9.
Qc2 c5 10. d5 Nd7 11. g4 {0-1 (62) Rapport,J (2358)-Nestorovic,L (2372)
Belgrade 2018}) 4... Bb7 5. c4 e6 6. Nc3 {A47: 1 d4 Nf6 2 Nf3 b6: Torre,
London and Colle Systems.} Nf6 7. e3 c5 8. Bd3 Be7 9. O-O O-O 10. Re1 cxd4 11.
exd4 d5 12. cxd5 Nxd5 13. Nxd5 Bxd5 14. Qc2 h6 15. Ne5 Bg5 16. Bxg5 {The
position is equal.} (16. Bb4 {looks sharper.} Be7 17. Bxe7 Qxe7 18. Bh7+ Kh8
19. Be4) 16... Qxg5 {[%csl Gd5][%cal Rg5g2] [#]} 17. Bh7+ Kh8 {[%csl Gd5][%cal
Rg5g2]} 18. Be4 {Hoping for Nxf7+!} Qd8 $1 19. Rac1 Bxe4 20. Qxe4 Nd7 21. Red1
Nxe5 22. dxe5 Rc8 23. g3 Rxc1 24. Rxc1 $11 {[%mdl 4096] Endgame KQR-KQR} Qd2
25. Rc2 Qd1+ 26. Kg2 Qb1 27. b3 Rd8 28. h4 a5 29. h5 Qd1 30. g4 b5 31. Rc5 Rd4
32. Rc8+ Rd8 33. Rxd8+ Qxd8 {KQ-KQ} 34. a4 bxa4 35. bxa4 Kg8 36. Kg3 Qd2 37.
Qc6 (37. f3 {is interesting.} Qd1 38. Kf4 Qc1+ 39. Kg3 Qg1+ 40. Kf4) 37... Kh7
38. Qc7 Qd3+ 39. f3 (39. Kf4 {with more complications.} Qd4+ 40. Kg3 Qd3+)
39... Qd1 40. Qxf7 Qg1+ 41. Kh3 (41. Kf4 $5 {[%cal Rf7g6]}) 41... Qh1+ 42. Kg3
Qg1+ 43. Kh3 Qh1+ {An uneventful encounter.  Weighted Error Value: White=0.02/
Black=0.02} 1/2-1/2

[Event "GCT Paris Rapid 2021"]
[Site "Paris"]
[Date "2021.06.19"]
[Round "4.3"]
[White "Vachier-Lagrave, Maxime"]
[Black "Bacrot, Etienne"]
[Result "0-1"]
[WhiteElo "2760"]
[BlackElo "2678"]
[Annotator "TA"]
[PlyCount "136"]
[EventDate "2021.06.18"]
[EventType "tourn"]
[EventCountry "FRA"]
[SourceTitle "playchess.com"]
[Source "ChessBase"]
[SourceQuality "1"]

{[%evp 9,136,16,21,3,15,9,10,16,20,18,26,9,9,0,0,10,1,-2,1,0,0,0,10,9,1,8,6,0,
0,0,0,0,0,-37,0,5,24,0,0,0,0,-7,9,10,29,18,15,19,11,11,18,11,91,19,63,19,21,12,
12,0,0,4,14,0,18,0,2,0,8,0,0,0,0,0,0,0,0,0,8,8,8,8,8,0,0,0,0,0,0,0,207,0,0,0,0,
0,0,0,0,0,0,0,0,0,0,0,0,0,0,0,0,0,0,0,0,0,0,0,0,-29971,-29971,-29974,-29975,
-29975,-29976,-29977,-29977,-5119,-5080]} 1. b3 Nf6 2. Bb2 g6 3. g3 Bg7 4. Bg2
O-O 5. c4 d6 6. e3 {A15: English Opening: 1...Nf6.} Nc6 $5 {[%mdl 4] An
interesting side line.} 7. Ne2 e5 8. Nbc3 {The position is equal.} Be6 9. O-O
Qd7 10. Nd5 Bh3 11. Bxh3 Qxh3 {[#]} 12. Nxf6+ $146 ({Predecessor:} 12. Nef4 Qd7
13. Nxf6+ Bxf6 14. Nd5 Bg7 15. f4 Ne7 16. Nxe7+ Qxe7 17. f5 Qg5 18. Qc2 {
1-0 (36) Blatny,P (2326)-Zeman,M (2244) Ostrava 2019}) 12... Bxf6 13. f4 Bg7
14. f5 gxf5 15. Nc3 Ne7 16. Nd5 Nxd5 17. cxd5 Rac8 18. Rc1 (18. Bc3 {feels
hotter.} Qg4 19. Qf3 Qe4 20. Rac1 Qd3 21. Qh5) 18... Qg4 19. Rc4 Qxd1 20. Rxd1
c5 21. Rf1 b5 (21... f4 $5) 22. Rh4 c4 {next ...cxb3 is good for Black.} 23. b4
f4 24. gxf4 f5 25. Rh5 Rcd8 26. Bc3 Rd7 (26... h6 {keeps more tension.} 27.
fxe5 dxe5 28. Rhxf5 Rxf5 29. Rxf5 Rxd5 30. Kf2 Rd6) 27. fxe5 dxe5 28. Rfxf5
Rxf5 29. Rxf5 Rxd5 $11 {[%mdl 4096] Endgame KRB-KRB} 30. Kf2 Rd3 (30... Rd6 $11
{remains equal.}) 31. Ke2 (31. Kf3 $16) 31... a6 32. Kd1 ({Don't blunder} 32.
Bxe5 $2 Rd5 $19) 32... h6 33. Rf2 ({Much weaker is} 33. Bxe5 Rd5 $17) 33... Rd7
34. Rf1 Kh7 35. Kc2 Kg6 36. a4 Bf6 37. axb5 axb5 38. Ra1 {Threatens to win
with Ra6.} Rd6 39. Ra5 Rb6 40. Kd1 Kf5 41. Ke2 Kg4 42. Ra8 Kh3 43. Kf3 Kxh2 44.
Rg8 {Black should prevent Rg6.} h5 45. Rg6 Rd6 46. Ke4 {Strongly threatening
Rxf6!} Kh3 47. Kf5 Be7 48. Rg7 Bf8 49. Rg8 Bh6 (49... Rd8 $11 {and Black is
okay.}) 50. Kxe5 $2 (50. Rh8 $1 $18) 50... Rd3 $1 51. Ke4 Bxe3 {[%mdl 64]
Deflection} 52. dxe3 {Black must now prevent Be5.} Rxc3 {KR-KR} 53. Rg5 h4 54.
Rxb5 Rc1 55. Rg5 Kh2 56. Kd4 h3 {And now ...c3 would win.} 57. b5 c3 {Hoping
for ...c2.} 58. b6 Rb1 {aiming for ...c2.} 59. Kxc3 Rxb6 60. Kd4 Rb4+ 61. Kd3
Rb2 62. Ke4 Rg2 63. Rh5 Kg3 64. Ke5 $2 {[%mdl 8192]} (64. Rh8 $11) 64... Ra2
65. Rh8 {[#]} Ra5+ $1 66. Kf6 {[#]} Ra4 $1 {[%cal Ra4h4]} 67. Kf5 Rh4 68. Rg8+
Kf2 {Weighted Error Value: White=0.10/Black=0.15} 0-1